[Event "Chigorin Memorial 06th"]
[Site "St Petersburg"]
[Date "1998.11.08"]
[Round "8"]
[White "Stoliarov, Alexandr"]
[Black "Chupin, Vitalij"]
[Result "1/2-1/2"]
[WhiteElo "2255"]
[BlackElo "2145"]
[PlyCount "83"]
[EventDate "1998.10.31"]
[EventType "swiss"]
[EventRounds "9"]
[EventCountry "RUS"]
[SourceTitle "CBM 067 Extra"]
[Source "ChessBase"]
[SourceDate "1999.01.01"]
[SourceVersion "1"]
[SourceVersionDate "1999.01.01"]
[SourceQuality "1"]

1. Nf3 g6 2. d4 Bg7 3. c4 c5 4. Nc3 cxd4 5. Nxd4 Nc6 6. Nc2 Nf6 7. e4 0-0 8. Be2 a6 9. 0-0 Rb8 10. a4 d6 11. Be3 Be6 12. f3 Nd7 13. Rb1 f5 14. Nd4 Nxd4 15. Bxd4 Bxd4+ 16. Qxd4 Qb6 17. Qxb6 Nxb6 18. b3 f4 19. Nd5 Bxd5 20. cxd5 Rfc8 21. a5 Nd7 22. Rfc1 Kf7 23. g3 g5 24. Kf2 Ne5 25. h4 h6 26. hxg5 hxg5 27. gxf4 gxf4 28. Ra1 Rh8 29. Rh1 Rbc8 30. Rxh8 Rxh8 31. Rc1 Rh2+ 32. Ke1 Rh1+ 33. Kd2 Rh2 34. Ke1 Rh1+ 35. Kd2 Rxc1 36. Kxc1 Ke8 37. Kd2 Kd7 38. b4 Kc7 39. Kc3 b6 40. axb6+ Kxb6 41. Kb3 Nd7 42. Kc3 1/2-1/2

[Event "Chigorin Memorial 06th"]
[Site "St Petersburg"]
[Date "1998.11.04"]
[Round "5"]
[White "Shvedov, Sergey"]
[Black "Stoliarov, Alexandr"]
[Result "1-0"]
[WhiteElo "2345"]
[BlackElo "2255"]
[PlyCount "83"]
[EventDate "1998.10.31"]
[EventType "swiss"]
[EventRounds "9"]
[EventCountry "RUS"]
[SourceTitle "CBM 067 Extra"]
[Source "ChessBase"]
[SourceDate "1999.01.01"]
[SourceVersion "1"]
[SourceVersionDate "1999.01.01"]
[SourceQuality "1"]

1. e4 c6 2. d3 d5 3. Nd2 e5 4. Ngf3 Bd6 5. g3 f5 6. Bg2 Nf6 7. 0-0 fxe4 8. dxe4 Bg4 9. h3 Bxf3 10. Qxf3 0-0 11. exd5 cxd5 12. Qb3 Rf7 13. Bxd5 Nxd5 14. Qxd5 Nc6 15. Ne4 Be7 16. Qxd8+ Rxd8 17. c3 Na5 18. b3 b6 19. Be3 Nb7 20. Rfd1 Nd6 21. Nxd6 Bxd6 22. Rd5 Bc7 23. Rxd8+ Bxd8 24. Rd1 Bf6 25. c4 Rb7 26. Rd5 Kf7 27. Kf1 Ke6 28. Ke2 Be7 29. Kd3 Bd6 30. Ke4 h5 31. f3 g6 32. Bd2 Rf7 33. Bc3 Rf5 34. Bd2 Rf7 35. Be3 Rb7 36. Bc1 Rh7 37. Bb2 h4 38. g4 Rf7 39. Bxe5 Bxe5 40. Rxe5+ Kf6 41. g5+ Kg7 42. f4 1-0

[Event "Centrocoop Sept op-A"]
[Site "Eforie Nord"]
[Date "1998.??.??"]
[Round "?"]
[White "Ardeleanu, Alin"]
[Black "Stoliarov, Alexandr"]
[Result "1/2-1/2"]
[WhiteElo "2400"]
[BlackElo "2255"]
[PlyCount "100"]
[EventDate "1998.09.??"]
[EventType "swiss"]
[EventRounds "11"]
[EventCountry "ROU"]
[SourceTitle "EXT 2000"]
[Source "ChessBase"]
[SourceDate "1999.11.16"]
[SourceVersion "1"]
[SourceVersionDate "1999.11.16"]
[SourceQuality "1"]

1. e4 c6 2. Nc3 d5 3. Qf3 dxe4 4. Nxe4 Nd7 5. d4 Ndf6 6. c3 Nxe4 7. Qxe4 Nf6 8. Qc2 Bg4 9. Ne2 g6 10. Ng3 Bg7 11. Bc4 Qc7 12. h3 Bd7 13. 0-0 0-0 14. Bg5 b5 15. Bb3 e5 16. Rad1 exd4 17. cxd4 Rfe8 18. d5 Qe5 19. dxc6 Bxc6 20. Qxc6 Qxg5 21. Qb7 Rf8 22. Bxf7+ Kh8 23. Qe7 Qf4 24. Bb3 a5 25. Qd6 Qxd6 26. Rxd6 a4 27. Bd1 Rfd8 28. Rb6 Rab8 29. Rxb8 Rxb8 30. Bf3 b4 31. Bc6 a3 32. bxa3 bxa3 33. Rd1 h6 34. Ne4 Nxe4 35. Bxe4 g5 36. g3 Bf8 37. Rc1 Rb2 38. Bd5 Rd2 39. Bb3 Bd6 40. Kg2 Be5 41. Kf3 Bd4 42. Kg4 Rxf2 43. Rc8+ Kg7 44. Kh5 Rf3 45. Rg8+ Kh7 46. Rb8 Kg7 47. Rb7+ Kf8 48. Kg4 Re3 49. Bd5 Be5 50. Rf7+ Ke8 1/2-1/2

[Event "Centrocoop Sept op-A"]
[Site "Eforie Nord"]
[Date "1998.??.??"]
[Round "?"]
[White "Dumitrache, Dragos Nicolae"]
[Black "Stoliarov, Alexandr"]
[Result "1-0"]
[WhiteElo "2420"]
[BlackElo "2255"]
[PlyCount "179"]
[EventDate "1998.09.??"]
[EventType "swiss"]
[EventRounds "11"]
[EventCountry "ROU"]
[SourceTitle "EXT 2000"]
[Source "ChessBase"]
[SourceDate "1999.11.16"]
[SourceVersion "1"]
[SourceVersionDate "1999.11.16"]
[SourceQuality "1"]

1. d4 Nf6 2. c4 e6 3. Nc3 Bb4 4. e3 0-0 5. Bd3 c5 6. Nge2 cxd4 7. exd4 d5 8. cxd5 Nxd5 9. 0-0 Nc6 10. Bc2 Re8 11. Qd3 g6 12. Rd1 Bf8 13. Qf3 Bg7 14. Ne4 h6 15. Bb3 Nce7 16. Nf4 b6 17. Nxd5 Nxd5 18. Bxd5 exd5 19. Nc3 Be6 20. Bf4 Qd7 21. h3 Rec8 22. Be5 a6 23. Bxg7 Kxg7 24. Rac1 Rc7 25. Qe2 Kh7 26. Nb1 Rac8 27. Rxc7 Qxc7 28. Nc3 Qc4 29. Qe5 b5 30. a3 Qb3 31. Rd2 b4 32. axb4 Qxb4 33. Re2 Qb3 34. Kh2 Qb8 35. Rd2 Qb4 36. Rd3 Rd8 37. Qf6 Qb8+ 38. Rg3 Re8 39. Na4 Qd8 40. Qf4 Qb8 41. Qf6 Qd8 42. Qxd8 Rxd8 43. Rb3 Bd7 44. Nc3 Bb5 45. Nxb5 Rb8 46. Rf3 Rxb5 47. Rxf7+ Kg8 48. Rd7 Rxb2 49. Kg3 Rd2 50. Rxd5 Kf7 51. Kf3 Ke6 52. Re5+ Kf6 53. Ke3 Ra2 54. Rc5 a5 55. Rc6+ Kf7 56. g4 a4 57. h4 a3 58. h5 gxh5 59. gxh5 Ra1 60. Ra6 a2 61. Kf4 Rh1 62. Rxa2 Rxh5 63. Ke4 Rh1 64. f4 h5 65. Ke5 h4 66. Ra7+ Kg8 67. Kf6 Rd1 68. Rg7+ Kf8 69. Rd7 Kg8 70. f5 h3 71. Rg7+ Kf8 72. Rh7 Kg8 73. Rxh3 Rxd4 74. Ra3 Rf4 75. Ra8+ Kh7 76. Rf8 Rf1 77. Ke7 Kg7 78. f6+ Kg6 79. Rg8+ Kh7 80. f7 Re1+ 81. Kd6 Rd1+ 82. Kc5 Rc1+ 83. Kd4 Rd1+ 84. Ke3 Rf1 85. f8R Re1+ 86. Kf2 Ra1 87. Rg2 Ra2+ 88. Kg1 Ra1+ 89. Kh2 Ra6 90. Rf3 1-0

[Event "Centrocoop Sept op-A"]
[Site "Eforie Nord"]
[Date "1998.??.??"]
[Round "?"]
[White "Stoliarov, Alexandr"]
[Black "Sebe Vodislav, Razvan Alex"]
[Result "1/2-1/2"]
[WhiteElo "2255"]
[BlackElo "2120"]
[PlyCount "90"]
[EventDate "1998.09.??"]
[EventType "swiss"]
[EventRounds "11"]
[EventCountry "ROU"]
[SourceTitle "EXT 2000"]
[Source "ChessBase"]
[SourceDate "1999.11.16"]
[SourceVersion "1"]
[SourceVersionDate "1999.11.16"]
[SourceQuality "1"]

1. Nf3 f5 2. d4 Nf6 3. g3 g6 4. Bg2 Bg7 5. 0-0 0-0 6. b3 d6 7. Bb2 Qe8 8. a4 Nc6 9. d5 Nd8 10. c4 e5 11. dxe6 Nxe6 12. Nd4 Ng5 13. Nc3 f4 14. Qd2 Bh6 15. Kh1 fxg3 16. fxg3 Nf7 17. Qc2 Ng4 18. Nd5 Qd8 19. h3 Ne3 20. Nxe3 Bxe3 21. Qc3 Bh6 22. Nf3 Bd7 23. Kh2 Qe7 24. Ng1 Bc6 25. Qf6 Qxf6 26. Bxf6 Bxg2 27. Kxg2 Bg7 28. Rad1 Bxf6 29. Rxf6 Ng5 30. Rxf8+ Rxf8 31. Nf3 Ne4 32. Rd4 Re8 33. Nd2 Nc5 34. Kf2 a5 35. e3 Kg7 36. Ke2 h5 37. h4 b6 38. Rf4 Re7 39. Rf1 g5 40. hxg5 Kg6 41. Rf4 Kxg5 42. Rh4 Ne6 43. Nf3+ Kg6 44. Nd2 Ng7 45. g4 hxg4 1/2-1/2